000 00421nmm a2200157Ia 4500
008 251105s9999||||xx |||||||||||||||||und||
041 _aspa
100 _aPowell, VK
245 0 _aFiebre
264 _a[Madrid, España] :
_bEditorial Egales,
_c2018
300 _a384 páginas
490 _aNarrativa
650 _aNorth American narrative
856 _uhttps://public.digitaliapublishing.com/a/175335
942 _cCF
999 _c100142
_d100142